Major Cities by Terrible Drawings - Statistics

General Stats
  • This quiz has been taken 196 times
  • The average score is 13 of 16
Answer Stats
Picture Answer % Correct
London
100%
Paris
98%
New York City
95%
San Francisco
94%
Rome
93%
Pisa
92%
Sydney
91%
Athens
85%
Tokyo
82%
Moscow
79%
Beijing
73%
Istanbul
71%
Rio de Janeiro
70%
Berlin
65%
Philadelphia
58%
Cairo
22%
No matching quizzes found
Score Distribution
Percent of People with Each Score
Percentile by Number Answered
Your Score History
You have not taken this quiz